Compendio de geografía rural
Guardat en:
| Autor principal: | |
|---|---|
| Format: | Llibre |
| Idioma: | espanyol |
| Publicat: |
Barcelona
Ariel S. A
1963
|
| Edició: | 1a. ed |
| Col·lecció: | Colección de Ciencia Económica, 4
|
| Matèries: | |
| Etiquetes: |
Afegir etiqueta
Sense etiquetes, Sigues el primer a etiquetar aquest registre!
|
MARC
| LEADER | 00000cam a2200000 a 4500 | ||
|---|---|---|---|
| 001 | UCE1510 | ||
| 003 | CL-VaPUC | ||
| 008 | 140502e19630000sp |||||||||||||||||spa|d | ||
| 082 | 0 | 4 | |a 910.021734 |b GEO |2 21 |
| 100 | |a George, Pierre |e author |9 341155 | ||
| 245 | 1 | 0 | |a Compendio de geografía rural |
| 250 | |a 1a. ed | ||
| 300 | |a 362 p | ||
| 942 | |c BK | ||
| 945 | |d 20140502 10:02:00 |a dcastane | ||
| 260 | |a Barcelona |b Ariel S. A |c 1963 | ||
| 650 | 7 | |a GEOGRAFIA RURAL |2 CL-VaPUC |9 267390 | |
| 650 | 0 | |a Planificación urbana |9 258176 | |
| 583 | |a last modification |c 20140502 10:02:00 |k Rodrigo Vera | ||
| 490 | 0 | |a Colección de Ciencia Económica, 4 | |
| 999 | |c 355286 |d 355284 | ||
| 952 | |0 0 |1 0 |3 erb |4 0 |6 910_021734000000000_GEO_1963 |7 0 |8 A |9 461944 |a BIBING |b BIBING |i 5069106 |o 910.021734 GEO 1963 |p 5069106 |r 2025-01-20 |w 2019-11-23 |y BK |z Catalogado en:20140502 |k GEO | ||